Applied numerical methods with MATLAB for engineers and scientists (Record no. 64000)
[ view plain ]
| 000 -LEADER | |
|---|---|
| fixed length control field | 00488nam a22001697a 4500 |
| 003 - CONTROL NUMBER IDENTIFIER | |
| control field | NUST - PNEC |
| 005 - DATE AND TIME OF LATEST TRANSACTION | |
| control field | 20170116180830.0 |
| 008 - FIXED-LENGTH DATA ELEMENTS--GENERAL INFORMATION | |
| fixed length control field | 150730b xxu||||| |||| 00| 0 eng d |
| 020 ## - INTERNATIONAL STANDARD BOOK NUMBER | |
| International Standard Book Number | 9780073401102 |
| 040 ## - CATALOGING SOURCE | |
| Transcribing agency | LIBRARY |
| 082 ## - DEWEY DECIMAL CLASSIFICATION NUMBER | |
| Classification number | 518 CHA |
| 100 ## - MAIN ENTRY--PERSONAL NAME | |
| 9 (RLIN) | 4585 |
| Personal name | Chapra, Steven C. |
| 245 ## - TITLE STATEMENT | |
| Title | Applied numerical methods with MATLAB for engineers and scientists |
| Statement of responsibility, etc. | Steven C. Chapra |
| 250 ## - EDITION STATEMENT | |
| Edition statement | 3rd ed |
| 650 ## - SUBJECT ADDED ENTRY--TOPICAL TERM | |
| 9 (RLIN) | 4587 |
| Topical term or geographic name entry element | Numerical analysis--Data processing |
| General subdivision | MIS |
| 942 ## - ADDED ENTRY ELEMENTS (KOHA) | |
| Source of classification or shelving scheme | |
| Koha item type | Book |
| Withdrawn status | Lost status | Source of classification or shelving scheme | Damaged status | Not for loan | Permanent Location | Current Location | Shelving location | Date acquired | Total Checkouts | Full call number | Barcode | Date last seen | Price effective from | Koha item type | Date last checked out |
|---|---|---|---|---|---|---|---|---|---|---|---|---|---|---|---|
| Pakistan Navy Engineering College (PNEC) | Pakistan Navy Engineering College (PNEC) | 518 CHA | PNECLIB-022406 | 07/30/2015 | Book | ||||||||||
| Pakistan Navy Engineering College (PNEC) | Pakistan Navy Engineering College (PNEC) | 07/31/2015 | 1 | 518 CHA | PNECLIB-031341 | 03/18/2016 | 07/31/2015 | Book | 03/02/2016 |
